LEADER 00804nam0 22002891i 450 001 990007349200403321 005 20021010 010 $a0-521-48276-3 035 $a000734920 035 $aFED01000734920 035 $a(Aleph)000734920FED01 035 $a000734920 100 $a20021010d--------km-y0itay50------ba 101 0 $aita 200 1 $aThinking about development$fPaul Patrick Streeten 210 $aNew York$cCambridge university Press$d1995 215 $a397 p. 32 cm 225 1 $aRaffaele Mattioli Foundation 700 1$aStreeten,$bPaul$f<1917- >$032455 801 0$aIT$bUNINA$gRICA$2UNIMARC 901 $aBK 912 $a990007349200403321 951 $aXV O2 302$b127$c$dXV O2 302 959 $aDTE 996 $aThinking about development$9694263 997 $aUNINA DB $aGEN01 LEADER 02213nam 22005891 450 001 9910789473903321 005 20220120173344.0 010 $a0-295-80486-6 035 $a(CKB)3710000000020690 035 $a(EBL)3444551 035 $a(SSID)ssj0001045070 035 $a(PQKBManifestationID)11668777 035 $a(PQKBTitleCode)TC0001045070 035 $a(PQKBWorkID)11111011 035 $a(PQKB)11759163 035 $a(MiAaPQ)EBC3444551 035 $a(OCoLC)861692651 035 $a(MdBmJHUP)muse27810 035 $a(Au-PeEL)EBL3444551 035 $a(CaPaEBR)ebr10777410 035 $a(CaONFJC)MIL810714 035 $a(OCoLC)932315628 035 $a(EXLCZ)993710000000020690 100 $a20130628h20132013 uy 0 101 0 $aeng 135 $aur|n|---||||| 181 $ctxt 182 $cc 183 $acr 200 10$aPests in the city $eflies, bedbugs, cockroaches, and rats /$fDawn Day Biehler 210 1$aSeattle :$cUniversity of Washington Press,$d[2013] 210 4$dİ2013 215 $a1 online resource (361 p.) 225 1 $aWeyerhaeuser environmental books 300 $aDescription based upon print version of record. 311 $a0-295-99301-4 320 $aIncludes bibliographical references and index. 327 $aHistory, ecology, and the politics of pests -- The promises of modern pest control -- Flies : agents of interconnection in progressive era cities -- Bedbugs : creatures of community in modernizing cities -- German cockroaches : permeable homes in the postwar era -- Norway rats : back-alley ecology in the chemical age -- Persistence and resistance in the age of ecology -- The ecology of injustice : rats in the civil rights era -- Integrating urban homes : cockroaches and survival -- Epilogue: the persistence and resurgence of bedbugs. 410 0$aWeyerhaeuser environmental book. 606 $aUrban pests 606 $aPests 615 0$aUrban pests. 615 0$aPests. 676 $a632/.6 700 $aBiehler$b Dawn$01583644 801 0$bMiAaPQ 801 1$bMiAaPQ 801 2$bMiAaPQ 906 $aBOOK 912 $a9910789473903321 996 $aPests in the city$93866944 997 $aUNINA